000 00448nam a22001697a 4500
003 OSt
005 20220520145627.0
008 220520b |||||||| |||| 00| 0 eng d
020 _a9789390279852
082 _a828
_bAG8W
100 _aAgrawal, Anubhav
245 _aWhy not me? : a feeling of millions
_cby Anubhav Agrawal
260 _aNoida
_bHarper Collins
_c2021
300 _aix, 183p.
653 _aInterpersonal relations
942 _2ddc
_cBK
999 _c24925
_d24925